| 000 | 01197cad a22002415a 4500 | ||
|---|---|---|---|
| 001 | E151402 | ||
| 008 | 101101s2010 xxk f 000 0 eng d | ||
| 020 | _a9780717663453 | ||
| 035 | _a(Sirsi) u151402 | ||
| 041 | 0 | _aeng | |
| 110 | 2 |
_aGreat Britain _bHealth and Safety Executive |
|
| 245 | 0 | 0 |
_aFire safety in construction _bguidance for clients, designers and those managing and carrying out construction work involving significant fire risks _h[electronic resource] |
| 250 | _a2nd ed. | ||
| 260 |
_aSudbury _bHSE Books _c2010 |
||
| 490 | 0 |
_aHSE Health and Safety Guidance _v168 |
|
| 520 | _aOffers guidance on preventing fires from happening and discusses how to ensure people's safety if a fire does occur. The guidance is relevant to both small and large construction projects and will be useful for all those involved in developing, managing and applying safety standards on site. | ||
| 520 | _aSupersedes first edition (ISBN 0717613321). | ||
| 590 | _aKA NTK | ||
| 651 | 4 |
_aUnited Kingdom _y |
|
| 690 | _aMANAGEMENT-HEALTH AND SAFETY-FIRE SAFETY | ||
| 856 | 4 | 0 |
_uhttps://www.hse.gov.uk/pubns/priced/hsg168.pdf _zView the item free of charge (PDF file) at www.hse.gov.uk |
| 942 | _n0 | ||
| 999 |
_c111342 _d111342 |
||